Labour relations handbook / (Record no. 20730)
[ view plain ]
| 000 -LEADER | |
|---|---|
| fixed length control field | 00490nam a22001817a 4500 |
| 003 - CONTROL NUMBER IDENTIFIER | |
| control field | OSt |
| 005 - DATE AND TIME OF LATEST TRANSACTION | |
| control field | 20250613102622.0 |
| 008 - FIXED-LENGTH DATA ELEMENTS--GENERAL INFORMATION | |
| fixed length control field | 250613b |||||||| |||| 00| 0 eng d |
| 040 ## - CATALOGING SOURCE | |
| Original cataloging agency | KABU |
| Transcribing agency | KABU |
| 050 ## - LIBRARY OF CONGRESS CALL NUMBER | |
| Classification number | HD8072.5 |
| Item number | .P66 2014 |
| 100 ## - MAIN ENTRY--PERSONAL NAME | |
| Personal name | Pons, Andrew |
| 245 ## - TITLE STATEMENT | |
| Title | Labour relations handbook / |
| Statement of responsibility, etc. | Andrew Pons & Patrick Deale |
| 260 ## - PUBLICATION, DISTRIBUTION, ETC. (IMPRINT) | |
| Place of publication, distribution, etc. | Cape Town: |
| Name of publisher, distributor, etc. | Juta & Co. Ltd, |
| Date of publication, distribution, etc. | 2014 |
| 500 ## - GENERAL NOTE | |
| General note | Loose leaf bound |
| 650 ## - SUBJECT ADDED ENTRY--TOPICAL TERM | |
| Topical term or geographic name as entry element | Laboour relations |
| 700 ## - ADDED ENTRY--PERSONAL NAME | |
| Personal name | Deale, Patrick |
| 942 ## - ADDED ENTRY ELEMENTS (KOHA) | |
| Source of classification or shelving scheme | Library of Congress Classification |
| Koha item type | General Collection |
| Withdrawn status | Lost status | Source of classification or shelving scheme | Not for loan | Home library | Current library | Shelving location | Date acquired | Cost, normal purchase price | Inventory number | Total Checkouts | Full call number | Barcode | Date last seen | Copy number | Price effective from | Koha item type |
|---|---|---|---|---|---|---|---|---|---|---|---|---|---|---|---|---|
| Library of Congress Classification | Kabarak, Main Campus | Kabarak, Main Campus | Reserve Collection | 13/06/2025 | 7800.00 | 2020/1598 | HD8072.5 .P66 2014 C.1 | 33188 | 13/06/2025 | C.1 | 13/06/2025 | General Collection | ||||
| Library of Congress Classification | Kabarak, Main Campus | Kabarak, Main Campus | Reserve Collection | 13/06/2025 | 7800.00 | 2020/1599 | HD8072.5 .P66 2014 C.2 | 33192 | 13/06/2025 | C.2 | 13/06/2025 | General Collection | ||||
| Library of Congress Classification | Kabarak, Main Campus | Kabarak, Main Campus | Reserve Collection | 13/06/2025 | 7800.00 | 2020/1600 | HD8072.5 .P66 2014 C.3 | 33184 | 13/06/2025 | C.3 | 13/06/2025 | General Collection |